A better way to zone : (Record no. 11078)

000 -LEADER
fixed length control field 01875cam a2200373 a 4500
001 - CONTROL NUMBER
control field 15110319
005 - DATE AND TIME OF LATEST TRANSACTION
control field 20221230131817.0
008 - FIXED-LENGTH DATA ELEMENTS--GENERAL INFORMATION
fixed length control field 071212s2008 dcua b 001 0 eng
010 ## - LIBRARY OF CONGRESS CONTROL NUMBER
LC control number 2007050910
020 ## - INTERNATIONAL STANDARD BOOK NUMBER
International Standard Book Number 9781597261807 (cloth : alk. paper)
020 ## - INTERNATIONAL STANDARD BOOK NUMBER
International Standard Book Number 1597261807 (cloth : alk. paper)
020 ## - INTERNATIONAL STANDARD BOOK NUMBER
International Standard Book Number 9781597261814 (pbk. : alk. paper)
020 ## - INTERNATIONAL STANDARD BOOK NUMBER
International Standard Book Number 1597261815 (pbk. : alk. paper)
035 ## - SYSTEM CONTROL NUMBER
System control number (OCoLC)ocn183879844
035 ## - SYSTEM CONTROL NUMBER
System control number (OCoLC)183879844
040 ## - CATALOGING SOURCE
Original cataloging agency DLC
Transcribing agency DLC
Modifying agency BTCTA
-- BAKER
-- YDXCP
-- C#P
-- BWX
-- DLC
043 ## - GEOGRAPHIC AREA CODE
Geographic area code n-us---
050 00 - LIBRARY OF CONGRESS CALL NUMBER
Classification number KF5698
Item number .E43 2008
082 00 - DEWEY DECIMAL CLASSIFICATION NUMBER
Classification number 346.7304/5
Edition number 22
100 1# - MAIN ENTRY--PERSONAL NAME
Personal name Elliott, Donald L.,
Dates associated with a name 1957-
245 12 - TITLE STATEMENT
Title A better way to zone :
Remainder of title ten principles to create more liveable cities /
Statement of responsibility, etc. Donald L. Elliott.
260 ## - PUBLICATION, DISTRIBUTION, ETC.
Place of publication, distribution, etc. Washington, DC :
Name of publisher, distributor, etc. Island Press,
Date of publication, distribution, etc. c2008.
300 ## - PHYSICAL DESCRIPTION
Extent xi, 239 p. :
Other physical details ill. ;
Dimensions 24 cm.
504 ## - BIBLIOGRAPHY, ETC. NOTE
Bibliography, etc. note Includes bibliographical references (p. 223-231) and index.
505 0# - FORMATTED CONTENTS NOTE
Formatted contents note A brief history of zoning -- Failed assumptions -- Evolving land use drivers -- Governing well -- The legal framework for change -- What have we learned? -- A better way to zone -- The way forward.
650 #0 - SUBJECT ADDED ENTRY--TOPICAL TERM
Topical term or geographic name entry element Zoning law
Geographic subdivision United States.
650 #0 - SUBJECT ADDED ENTRY--TOPICAL TERM
Topical term or geographic name entry element Land use
General subdivision Law and legislation
Geographic subdivision United States.
856 41 - ELECTRONIC LOCATION AND ACCESS
Materials specified Table of contents only
Uniform Resource Identifier <a href="http://www.loc.gov/catdir/toc/ecip086/2007050910.html">http://www.loc.gov/catdir/toc/ecip086/2007050910.html</a>
856 42 - ELECTRONIC LOCATION AND ACCESS
Materials specified Contributor biographical information
Uniform Resource Identifier <a href="http://www.loc.gov/catdir/enhancements/fy0807/2007050910-b.html">http://www.loc.gov/catdir/enhancements/fy0807/2007050910-b.html</a>
856 42 - ELECTRONIC LOCATION AND ACCESS
Materials specified Publisher description
Uniform Resource Identifier <a href="http://www.loc.gov/catdir/enhancements/fy0807/2007050910-d.html">http://www.loc.gov/catdir/enhancements/fy0807/2007050910-d.html</a>
906 ## - LOCAL DATA ELEMENT F, LDF (RLIN)
a 7
b cbc
c orignew
d 1
e ecip
f 20
g y-gencatlg
925 0# -
-- acquire
-- 2 shelf copies
-- policy default
955 ## - COPY-LEVEL INFORMATION (RLIN)
-- sg29 2007-12-12 to Dewey
-- sg11 2008-06-26 Z-CipVer
-- sg11 2008-06-26 copies 1-2 to LL
Holdings
Withdrawn status Lost status Source of classification or shelving scheme Damaged status Not for loan Permanent Location Current Location Date acquired Source of acquisition Cost, normal purchase price Barcode Date last seen Cost, replacement price Price effective from Koha item type Shelving location
          BMS College of Architecture, Design and Planning BMS College of Architecture, Design and Planning 2023-03-07 10 1854.72 AR-PG560 2023-03-07 2649.60 2023-03-07 PG Books  
          BMS College of Architecture, Design and Planning BMS College of Architecture, Design and Planning 2025-12-17     AR-UG5188 2026-02-10   2026-02-10 UG Books General Stacks
Copyright © 2025, The Librarian, Library and Information Centre, BMSCA D&P, Bengaluru. All Rights Reserved
web counter

Powered by Koha